[Event "Challenge"]
[Site "http://www.queenalice.com/game.php?id=1616177"]
[Date "2020.6.11"]
[Round "-"]
[White "Richardlim"]
[Black "PhilBFrance"]
[Result "0-1"]
[WhiteElo "2143"]
[BlackElo "2373"]

1. c4 e5 2. Nc3 Nc6 3. Nf3 Nf6 4. d3 d5 5. cxd5 Nxd5 6. g3 Bb4 7. Bd2 O-O 8. Bg2
Nf6 9. O-O h6 10. a3 Bd6 11. Rb1 Be6 12. Nb5 a6 13. Nxd6 cxd6 14. Bc3 Qd7 15.
Qd2 Rfe8 16. Rfe1 Nd5 17. Rec1 Rac8 18. e4 Nxc3 19. bxc3 d5 20. exd5 Bxd5 21. c4
Bxf3 22. Bxf3 e4 23. Bg2 exd3 24. Rc3 Ne5 25. Rxb7 Qd4 26. Rb4 a5 27. Rb5 Rxc4
28. Rxc4 Nxc4 29. Qd1 d2 30. Kf1 Re1+ 31. Qxe1 Qd3+ 0-1

[Event "Challenge"]
[Site "http://www.queenalice.com/game.php?id=1616178"]
[Date "2020.6.11"]
[Round "-"]
[White "PhilBFrance"]
[Black "Richardlim"]
[Result "1-0"]
[WhiteElo "2378"]
[BlackElo "2147"]

1. e4 c5 2. Nc3 Nc6 3. Nge2 d6 4. d4 cxd4 5. Nxd4 Nf6 6. Bb5 Bd7 7. Nb3 e6 8.
O-O Be7 9. Be3 O-O 10. f4 a6 11. Bd3 Rb8 12. h3 Nb4 13. Be2 Nc6 14. Qd3 Nb4 15.
Qd2 Nc6 16. a4 Ra8 17. a5 Bc8 18. Bb6 Qd7 19. Rfd1 g6 20. g4 Kg7 21. g5 Ne8 22.
e5 Nc7 23. exd6 Bxd6 24. Qxd6 Qxd6 25. Rxd6 Nd5 26. Nxd5 exd5 27. Nd4 Bxh3 28.
Nxc6 bxc6 29. Bd4+ Kg8 30. Rxc6 Bf5 31. Rxa6 Be4 32. Rxa8 Rxa8 33. c3 Rb8 34. b4
Kf8 35. a6 Ke8 36. a7 Ra8 37. Bb5+ Kd8 38. Bc6 Rc8 39. a8=Q Rxa8 40. Rxa8+ 1-0

[Event "Challenge"]
[Site "http://www.queenalice.com/game.php?id=1629498"]
[Date "2020.10.10"]
[Round "-"]
[White "Richardlim"]
[Black "PhilBFrance"]
[Result "0-1"]
[WhiteElo "2147"]
[BlackElo "2383"]

1. d4 d5 2. Bf4 Nf6 3. e3 Bf5 4. Nf3 e6 5. c3 Nbd7 6. Nbd2 Be7 7. Bg3 h6 8. Be2
O-O 9. O-O Nh5 10. Ne5 Nxg3 11. hxg3 Nxe5 12. dxe5 c5 13. f4 c4 14. Kf2 Qb6 15.
b3 Bc5 16. Rh1 Bxe3+ 17. Kf3 Bf2 18. Nf1 Be4+ 19. Kg4 Bf5+ 20. Kf3 Be4+ 21. Kg4
f6 22. Rh5 Bxg2 23. Bf3 f5+ 24. Kh4 Qd8+ 25. Rg5 hxg5+ 26. fxg5 Kf7 27. Bh5+ g6
28. Bxg6+ Kxg6 29. Qh5+ Kg7 30. Qh6+ Kf7 31. Qf6+ Qxf6 32. gxf6 Kg6 0-1

[Event "Challenge"]
[Site "http://www.queenalice.com/game.php?id=1635572"]
[Date "2020.12.6"]
[Round "-"]
[White "PhilBFrance"]
[Black "Richardlim"]
[Result "1-0"]
[WhiteElo "2404"]
[BlackElo "2008"]

1. e4 e5 2. Nf3 Nc6 3. Bb5 a6 4. Bxc6 dxc6 5. O-O Bg4 6. h3 h5 7. Na3 Bxa3 8.
bxa3 Qe7 9. Rb1 b6 10. Bb2 O-O-O 11. hxg4 hxg4 12. Nxe5 Qh4 13. Qxg4+ Qxg4 14.
Nxg4 f6 15. d4 Nh6 16. Ne3 Nf7 17. f3 Kb7 18. c4 Rh6 19. Nf5 Rh7 20. c5 b5 21.
a4 Nh6 22. Ne3 Nf7 23. Bc3 Rdh8 24. Kf2 Rh6 25. axb5 cxb5 26. a4 c6 27. d5 Rh2
28. dxc6+ Kxc6 29. Nf5 Kxc5 30. Bd4+ Kc6 31. axb5+ axb5 32. Rfc1+ Kd7 33. Rxb5
Ne5 34. Rb7+ Ke6 35. Re7# 1-0

[Event "Challenge"]
[Site "http://www.queenalice.com/game.php?id=1635573"]
[Date "2020.12.6"]
[Round "-"]
[White "Richardlim"]
[Black "PhilBFrance"]
[Result "0-1"]
[WhiteElo "1998"]
[BlackElo "2403"]

1. e4 c5 2. Nf3 Nc6 3. d4 cxd4 4. Nxd4 e5 5. Nb5 d6 6. N1c3 a6 7. Na3 b5 8. Nd5
Nge7 9. c4 Nxd5 10. cxd5 Nd4 11. Be3 Bd7 12. Bxd4 exd4 13. Qxd4 Qa5+ 14. Qd2
Qxd2+ 15. Kxd2 g6 16. Nc2 Bh6+ 17. Ne3 f5 18. f3 fxe4 19. fxe4 O-O 20. Kd3 Rf2
21. Rb1 Rc8 22. Be2 b4 23. Rhf1 Bb5+ 24. Kd2 Rxe2+ 25. Kd1 Rxe3 26. Rf6 Re2 27.
Rxd6 Rxg2 28. Rc6 Rf8 0-1

[Event "Challenge"]
[Site "http://www.queenalice.com/game.php?id=1649186"]
[Date "2021.4.9"]
[Round "-"]
[White "masam2014"]
[Black "PhilBFrance"]
[Result "0-1"]
[WhiteElo "1404"]
[BlackElo "2405"]

1. d4 d5 2. c4 c6 3. cxd5 cxd5 4. Nc3 Nc6 5. Nf3 Nf6 6. e3 a6 7. Bd3 Bg4 8. O-O
e6 9. a3 Bd6 10. Re1 Rc8 11. b4 Nxd4 12. Be2 Nxf3+ 0-1

[Event "Challenge"]
[Site "http://www.queenalice.com/game.php?id=1649187"]
[Date "2021.4.9"]
[Round "-"]
[White "PhilBFrance"]
[Black "masam2014"]
[Result "1-0"]
[WhiteElo "2406"]
[BlackElo "1402"]

1. e4 c5 2. Nc3 e6 3. Nf3 d5 4. Bb5+ Nc6 5. exd5 exd5 6. d4 Nf6 7. O-O Be7 8.
Ne5 Bd7 9. Nxd7 Qxd7 10. dxc5 d4 11. Na4 a6 12. Nb6 1-0

[Event "Challenge"]
[Site "http://www.queenalice.com/game.php?id=1762519"]
[Date "2021.6.18"]
[Round "-"]
[White "Richardlim"]
[Black "PhilBFrance"]
[Result "0-1"]
[WhiteElo "2007"]
[BlackElo "2407"]

1. e4 e5 2. Nf3 Nc6 3. Bc4 Bc5 4. O-O Nf6 5. d3 a6 6. Ng5 O-O 7. Bxf7+ Rxf7 8.
Nxf7 Kxf7 9. Bg5 h6 10. Bxf6 Qxf6 11. Qh5+ Qg6 12. Qxg6+ Kxg6 13. Nd2 d6 14. Nf3
Bg4 15. Nd2 Rf8 16. Nb3 Ba7 17. Kh1 Be2 18. f3 Bxf1 19. Rxf1 Nb4 20. a3 Nxc2 21.
Rc1 Ne3 22. Rxc7 Rf7 23. Rxf7 Kxf7 24. Na5 b5 25. Nc6 Bb6 26. Nb4 a5 27. Na2 Bd4
28. b3 Nc2 29. a4 b4 30. h3 Na1 31. Nc1 Be3 32. Ne2 Nxb3 33. g3 Nd4 34. Ng1 b3
35. h4 b2 0-1

[Event "Challenge"]
[Site "http://www.queenalice.com/game.php?id=1762520"]
[Date "2021.6.18"]
[Round "-"]
[White "PhilBFrance"]
[Black "Richardlim"]
[Result "1-0"]
[WhiteElo "2406"]
[BlackElo "2009"]

1. e4 e5 2. Nf3 Nc6 3. Bb5 Nd4 4. Nxd4 exd4 5. O-O Ne7 6. d3 c6 7. Bc4 b5 8. Bb3
d6 9. a4 b4 10. Qh5 g6 11. Qf3 d5 12. e5 Bg7 13. Re1 Be6 14. Bg5 O-O 15. a5 Qc7
16. Nd2 Nf5 17. g4 Nh6 18. h3 c5 19. Bxd5 Bxd5 20. Qxd5 Rfe8 21. Ne4 Kf8 22. Nd6
Qd7 23. Qxc5 Rac8 24. Nxc8+ Kg8 25. Nd6 Re6 26. Qxd4 f5 27. Bxh6 Bxh6 28. Nxf5
Qxd4 29. Nxd4 Re7 30. Nc6 Rb7 31. d4 Bg5 32. e6 Be7 33. Nxe7+ Rxe7 34. d5 Kg7
35. d6 Rb7 36. d7 1-0

[Event "Challenge"]
[Site "http://www.queenalice.com/game.php?id=1781651"]
[Date "2022.1.28"]
[Round "-"]
[White "PhilBFrance"]
[Black "Leanne"]
[Result "0-1"]
[WhiteElo "2407"]
[BlackElo "1399"]

1. e4 e5 2. Nf3 Nc6 3. b3 d5 4. exd5 Qxd5 5. Nc3 Qe6 6. Bc4 Qf6 7. d3 Nd4 8. Nd5
Nxf3+ 9. Kf1 Qd6 10. Qxf3 Nf6 11. Bb2 Bd7 12. Re1 O-O-O 0-1

[Event "Kasker 5"]
[Site "http://www.queenalice.com/game.php?id=1786188"]
[Date "2022.4.2"]
[Round "2"]
[White "RaulSoft"]
[Black "PhilBFrance"]
[Result "1-0"]
[WhiteElo "2682"]
[BlackElo "2408"]

1. d4 d5 2. c4 c6 3. Nc3 Nf6 4. cxd5 cxd5 5. Bf4 Qb6 6. Na4 Qb4+ 7. Bd2 Qxd4 8.
Nf3 Qg4 9. h3 Qd7 10. e3 e6 11. Rc1 Nc6 12. Bb5 Qd8 13. Ne5 Bd7 14. Nxc6 bxc6
15. Bxc6 Bxc6 16. Rxc6 Bd6 17. O-O O-O 18. Qe2 Rc8 19. Rfc1 Rxc6 20. Rxc6 Qb8
21. Nc3 Bh2+ 22. Kf1 Be5 23. Qb5 Qa8 24. f4 Bxc3 25. Bxc3 Rc8 26. Rxc8+ Qxc8 27.
Qa4 a6 28. Qd4 h6 29. a4 Qb8 30. Kg1 Qb3 31. a5 Qc2 32. b4 Kh7 33. Kh2 Qb3 34.
Qe5 Ne8 35. Qd4 Nf6 36. Bb2 Kg6 37. Bc3 Qa3 38. Qe5 Qa4 39. f5+ exf5 40. Qd6 Qb5
41. Qb6 Qc4 42. Be5 Qe4 43. Bf4 1-0

[Event "Challenge"]
[Site "http://www.queenalice.com/game.php?id=1788033"]
[Date "2022.4.30"]
[Round "-"]
[White "edemarc"]
[Black "PhilBFrance"]
[Result "0-1"]
[WhiteElo "1619"]
[BlackElo "2405"]

1. e4 c5 2. d3 e5 3. Nf3 d6 4. h3 Nf6 5. Bg5 Be7 6. Bxf6 Bxf6 7. c3 O-O 8. Be2
Nc6 9. Nbd2 Ne7 10. Nc4 Be6 11. Ne3 Qd7 12. O-O Ng6 13. Ng4 Nf4 14. Nfh2 Be7 15.
Ne3 g6 16. f3 h5 17. Qe1 Bg5 18. Rf2 Nxh3+ 19. gxh3 Bxe3 20. Nf1 Bxf2+ 21. Kxf2
Bxh3 22. Nh2 Qd8 23. Bf1 Qh4+ 24. Ke2 Qf4 25. Qf2 Be6 26. Kd1 d5 27. Kc2 dxe4
28. dxe4 Rfd8 29. Bd3 Rd6 30. a3 Rad8 31. Rd1 Bc4 32. b3 Rxd3 33. bxc4 Rxd1 34.
Kb3 b6 35. Nf1 R8d3 36. Qe2 Qxf3 37. Qxf3 Rxf3 38. Nh2 Rf2 39. Ka4 a6 40. Nf3
Rxf3 41. Kb3 h4 0-1

[Event "Challenge"]
[Site "http://www.queenalice.com/game.php?id=1802903"]
[Date "2022.12.29"]
[Round "-"]
[White "PhilBFrance"]
[Black "erminius"]
[Result "0-1"]
[WhiteElo "2408"]
[BlackElo "2430"]

1. e4 Nc6 2. d4 d5 3. e5 Bf5 4. Nf3 e6 5. Bd3 Nge7 6. c3 f6 7. O-O Qd7 8. Re1
Bxd3 9. Qxd3 fxe5 10. dxe5 a5 11. Bg5 Nf5 12. Nbd2 Bc5 13. Nb3 Bb6 14. Nbd4
Ncxd4 15. cxd4 h6 16. Bd2 O-O 17. Rac1 Qf7 18. Be3 g5 19. h3 Qg7 20. a4 g4 21.
hxg4 Qxg4 22. Nh2 Qg6 23. f3 h5 24. Qd2 Rf7 25. Re2 Rg7 26. b3 Qg3 27. Rb1 Kh8
28. Rf2 Rag8 29. Re1 Qh4 30. f4 Rg3 31. Nf3 Qh3 32. Ng5 Qh4 33. Nf3 Qg4 34. Nh2
Qg6 35. Nf1 Rh3 36. Qd1 c5 37. dxc5 Nxe3 38. Nxe3 Bxc5 39. Qc1 b6 40. f5 Qg5 41.
fxe6 Rxe3 42. Kf1 Rxe1+ 43. Qxe1 Bxf2 44. Qxf2 Qc1+ 45. Ke2 Qb2+ 46. Kf1 Qxf2+
47. Kxf2 Kg7 48. Ke3 Kf8 49. Kd4 Rxg2 50. Kxd5 Ke7 51. Kc4 h4 0-1

[Event "Challenge"]
[Site "http://www.queenalice.com/game.php?id=1815031"]
[Date "2023.6.27"]
[Round "-"]
[White "Richardlim"]
[Black "PhilBFrance"]
[Result "0-1"]
[WhiteElo "1973"]
[BlackElo "2401"]

1. Nf3 d5 2. d4 Bf5 3. Bf4 e6 4. a3 Bd6 5. Qd2 Bxf4 6. Qxf4 Bxc2 7. Nc3 c6 8.
Qg3 Bg6 9. Ne5 Qb6 10. b4 a5 11. Nxg6 hxg6 12. e3 axb4 13. Nb1 Nd7 14. Bd3 c5
15. O-O c4 16. Be2 Ngf6 17. a4 Ne4 18. Qf4 g5 19. Qf3 b3 20. Bxc4 dxc4 21. Qxe4
Nf6 22. Qe5 O-O 23. Qxg5 Rfc8 24. Nc3 Qb4 25. Ne2 Ra5 26. Qg3 c3 27. h4 c2 28.
Qh3 b2 29. Rae1 Qxa4 30. g4 Ne4 31. Kg2 Qc6 32. f3 Nd2 33. Rh1 b1=Q 34. h5 Qb3
35. Kf2 f6 36. Nf4 Kf7 37. h6 Rh8 38. Qh5+ Rxh5 0-1

[Event "Challenge"]
[Site "http://www.queenalice.com/game.php?id=1815032"]
[Date "2023.6.27"]
[Round "-"]
[White "PhilBFrance"]
[Black "Richardlim"]
[Result "1-0"]
[WhiteElo "2400"]
[BlackElo "1996"]

1. e4 c5 2. Nf3 d6 3. Bc4 Nf6 4. Nc3 h6 5. d4 cxd4 6. Nxd4 e5 7. Nf5 Bxf5 8.
exf5 a6 9. O-O Nbd7 10. Qf3 Qc7 11. Bb3 Be7 12. Qg3 O-O-O 13. Bxf7 Rh7 14. a4
Bf8 15. Be3 Nb8 16. Qg6 Nc6 17. a5 Nxa5 18. Nd5 Nxd5 19. Bxd5 Rh8 20. Ba7 Nc6
21. Be6+ Rd7 22. Qe8+ Nd8 23. Ra3 g5 24. Rc3 1-0